Distribution of houshold incomin China (Record no. 1113240)

MARC details
000 -LEADER
fixed length control field 00690nam a2200253Ia 4500
003 - CONTROL NUMBER IDENTIFIER
control field OSt
005 - DATE AND TIME OF LATEST TRANSACTION
control field 20221006160413.0
008 - FIXED-LENGTH DATA ELEMENTS--GENERAL INFORMATION
fixed length control field 221006b |||||||| |||| 00| 0 chi d
037 ## - SOURCE OF ACQUISITION
Terms of availability Series Articles
040 ## - CATALOGING SOURCE
Original cataloging agency EASL
Transcribing agency EASL
Language of cataloging chi
041 ## - LANGUAGE CODE
Source of code chi
Language code of text/sound track or separate title chi
100 ## - MAIN ENTRY--PERSONAL NAME
Personal name Li Shi
9 (RLIN) 673332
245 #0 - TITLE STATEMENT
Title Distribution of houshold incomin China
Remainder of title inquality, poverty and policies
260 ## - PUBLICATION, DISTRIBUTION, ETC.
Place of publication, distribution, etc. UK
Name of publisher, distributor, etc. Cambridge Univesity Press UK
Date of publication, distribution, etc. 2013
300 ## - PHYSICAL DESCRIPTION
Extent 1-41
Dimensions cm.
490 ## - SERIES STATEMENT
Volume/sequential designation 217
650 ## - SUBJECT ADDED ENTRY--TOPICAL TERM
Topical term or geographic name entry element China
700 ## - ADDED ENTRY--PERSONAL NAME
Personal name Sicular Terry
9 (RLIN) 673333
942 ## - ADDED ENTRY ELEMENTS (KOHA)
Koha item type Reference
Source of classification or shelving scheme Colon Classification (CC)
Holdings
Withdrawn status Lost status Source of classification or shelving scheme Damaged status Not for loan Home library Current library Date acquired Serial Enumeration / chronology Total Checkouts Barcode Date last seen Price effective from Koha item type
    Colon Classification (CC)     Department of East Asian Studies Library Department of East Asian Studies Library 2022-10-06 217   EAAI00632 2022-10-06 2022-10-06 Reference
Copyright @ Delhi University Library System